| 000 | 005650000a22001810004500 | ||
|---|---|---|---|
| 003 | MACL | ||
| 005 | 20160602170217.0 | ||
| 008 | 160602b xxu||||| |||| 00| 0 eng d | ||
| 040 |
_aMACL _cMACL |
||
| 041 | _aHindi | ||
| 082 | _a920 | ||
| 100 |
_aरजा, राही मासूम _943799 |
||
| 245 |
_aछोटे आदमी की बडी कहानी _cराही मासूम रजा |
||
| 260 |
_bशिल्पायन _c2008 _aदिल्ली |
||
| 350 | _a100 | ||
| 650 |
_aBiography _961873 |
||
| 942 |
_cHIN _k920/RAJ _2ddc |
||
| 999 |
_c22005 _d22005 |
||